Real Property Gains Tax Act 1976 (Act 169) : (As at 5th March 2013)

Bibliographic Details
Format: Book
Language:Malay
Published: Kuala Lumpur : International Law Book Services , 2003
Subjects:

MARC

LEADER 00000cam a2200000 7i4500
001 0000025147
005 20140218.0
008 180214 my # may
020 |a 9789678923521 ,   |c RM14.70 
040 |a INS 
090 0 0 |a KF4594   |b M5 2013 
245 1 0 |a Real Property Gains Tax Act 1976 (Act 169) :   |b (As at 5th March 2013) 
260 |a Kuala Lumpur :   |b International Law Book Services ,   |c 2003 
300 |a 86p ;   |c 24cm. 
650 0 0 |a Capital Gains Tax 
650 0 0 |a Real Property tax-Malaysia 
999 |a 1000001347   |b BOOK   |c Open Shelf   |e Default branch 
999 |a 1000001427   |b BOOK   |c Open Shelf   |e Default branch 
999 |a 1000002025   |b BOOK   |c Open Shelf   |e Default branch